| 000 | 00393nam a2200157Ia 4500 | ||
|---|---|---|---|
| 005 | 20240731071357.0 | ||
| 008 | 240331s9999 xx 000 0 und d | ||
| 082 |
_a291.5 _bOBE |
||
| 100 | _aObeyesekere, Gananath | ||
| 245 | 2 | _aA Maditation on Conscience | |
| 260 |
_aColombo _bSocial Scientists Association _c1988 |
||
| 300 | _a59 p ., | ||
| 650 | _aSocial | ||
| 650 | _aReligion | ||
| 942 | _cL | ||
| 999 |
_c870 _d870 |
||